000 00976nam a2200229 a 4500
001 49183
003 BD-RjUL
005 20250204124507.0
008 160818s19611951ii ||||| |||| 00| 0 ben d
020 _c: Tk.3.00
035 _a(BD-RjUL)49183
040 _aBD-RjUL
_bben
_cBD-RjUL
_dBD-RjUL
041 _aben
082 _223
_a891.44409
_bDAS 1961
100 _aদাশগুপ্ত, শ্রীশশিভূষণ
_9147191
245 1 0 _aশিল্প-লিপি /
_cশ্রীশশিভূষণ দাশগুপ্ত
260 _aকলিকাতা :
_bএ, মুখার্জী অ্যান্ড কোং প্রাঃ লিমিটেড,
_c১৯৫১[মুদ্রণ১৯৬১]
300 _a১৬৫ পৃ. ;
_c১৮ সেমি.
650 _aবাংলা প্রবন্ধ
_xইতিহাস ও সমালোচনা
_9120541
650 _aBengali Articles
_xHistory and Critisizm
_9147841
942 _2ddc
_cBK
999 _c49183
_d49183